|
|
|
|
| LEADER |
02101cas a2200337 a 4500 |
| 001 |
AALejournalIMF018231 |
| 008 |
230101c9999 xx r poo 0 0eng d |
| 020 |
|
|
|c 5.00 USD
|
| 020 |
|
|
|z 9781484339718
|
| 022 |
|
|
|a 1018-5941
|
| 040 |
|
|
|a BD-DhAAL
|c BD-DhAAL
|
| 100 |
1 |
|
|a Brito, Steve.
|
| 245 |
1 |
0 |
|a Disagreement about Future Inflation :
|b Understanding the Benefits of Inflation Targeting and Transparency /
|c Steve Brito, Yan Carriere-Swallow, Bertrand Gruss.
|
| 264 |
|
1 |
|a Washington, D.C. :
|b International Monetary Fund,
|c 2018.
|
| 300 |
|
|
|a 1 online resource (18 pages)
|
| 490 |
1 |
|
|a IMF Working Papers
|
| 500 |
|
|
|a <strong>Off-Campus Access:</strong> No User ID or Password Required
|
| 500 |
|
|
|a <strong>On-Campus Access:</strong> No User ID or Password Required
|
| 506 |
|
|
|a Electronic access restricted to authorized BRAC University faculty, staff and students
|
| 520 |
3 |
|
|a We estimate the determinants of disagreement about future inflation in a large and diverse sample of countries, focusing on the role of monetary policy frameworks. We offer novel insights that allow us to reconcile mixed findings in the literature on the benefits of inflation targeting regimes and central bank transparency. The reduction in disagreement that follows the adoption of inflation targeting is entirely due to increased central bank transparency. Since the benefits of increased transparency are non-linear, the gains from inflation targeting adoption have accrued mainly to countries that started from a low level of transparency. These have tended to be developing countries.
|
| 538 |
|
|
|a Mode of access: Internet
|
| 650 |
|
7 |
|a Central Bank Transparency
|2 imf
|
| 650 |
|
7 |
|a Inflation Forecasts
|2 imf
|
| 650 |
|
7 |
|a Inflation Targeting
|2 imf
|
| 650 |
|
7 |
|a IT Adoption
|2 imf
|
| 650 |
|
7 |
|a WP
|2 imf
|
| 651 |
|
7 |
|a United States
|2 imf
|
| 700 |
1 |
|
|a Carriere-Swallow, Yan.
|
| 700 |
1 |
|
|a Gruss, Bertrand.
|
| 830 |
|
0 |
|a IMF Working Papers; Working Paper ;
|v No. 2018/024
|
| 856 |
4 |
0 |
|z Full text available on IMF
|u http://elibrary.imf.org/view/journals/001/2018/024/001.2018.issue-024-en.xml
|z IMF e-Library
|